| 000 | 00538nam a2200193 a 4500 | ||
|---|---|---|---|
| 005 | 20241203063717.0 | ||
| 008 | 991125s1986 mx 000 0 spa u | ||
| 020 | _a9682104262 | ||
| 035 | _aUPN01000056143 | ||
| 049 | _aCG | ||
| 050 | 4 |
_aLB1025 _bL6.78 1986 |
|
| 100 | 1 |
_aLobrot, Michel, _d1924- |
|
| 245 | 1 | 0 |
_aTeoria de la educación / _cMichel Lobrot ; tr. Pedro de Palma. |
| 260 |
_aMéxico : _bRoca, _c1986. |
||
| 300 | _a287 p. | ||
| 440 | 0 |
_aRoca pedagogía ; _v19 |
|
| 650 | 4 |
_aTeorías de la educación _95007 |
|
| 905 | _aLibro | ||
| 999 |
_c56143 _d56143 |
||